Loading...
Influence Of Religion On A Hindu Community - Ma Diss
| Main Author: | |
|---|---|
| Format: | Printed Book |
| Language: | Undetermined |
| Published: |
Trivandurm:
Dept Of Sociology,
1996
|
| Subjects: |
| LEADER | 00559nam a2200157Ia 4500 | ||
|---|---|---|---|
| 008 | 200110s9999||||xx |||||||||||||| ||und|| | ||
| 080 | |a 306.6 |b SUG-I | ||
| 100 | |a Sugandhi V | ||
| 245 | 0 | |a Influence Of Religion On A Hindu Community - Ma Diss | |
| 260 | |a Trivandurm: |b Dept Of Sociology, |c 1996 | ||
| 300 | |a 82 p. |f HB | ||
| 500 | |a Collections | ||
| 650 | |a Influence Of Religion On A Hindu Community - Ma Diss | ||
| 942 | |c BK | ||
| 999 | |c 256058 |d 256058 | ||
| 952 | |0 0 |1 0 |4 0 |6 306_600000000000000_SUGI |7 0 |9 271982 |a SOC |b SOC |l 0 |o 306.6 SUG-I |p SOC5728 |r 2020-01-14 |w 2020-01-14 |y BK | ||